Establishing junior colleges /

Saved in:
Bibliographic Details
Corporate Author: Conference on Establishing Junior Colleges los Angeles
Format: Conference Proceeding Book
Language:English
Published: Los Angeles : Junior College Leadership Program, School of Education, University of California, 1964.
Series:University of California at los Angeles - School of Educati
Subjects:
LEADER 01155nam a22002051 4500
001 c000203889
003 CARM
005 20021125002000.0
008 851113s1964 cau 0 eng d
019 1 |a 4138162  |5 LACONCORD2021 
035 |a (OCoLC)219251890  |5 LACONCORD2021 
111 2 0 |a Conference on Establishing Junior Colleges los Angeles  |d (1963) 
245 1 0 |a Establishing junior colleges /  |c a report of a National Conference on Establishing Junior Colleges sponsored by the University of California, Los Angeles, the American Association of Junior Colleges, and the Commission for Accrediting Junior Colleges of the Western Association of Schools and Colleges. 
260 |a Los Angeles :  |b Junior College Leadership Program, School of Education, University of California,  |c 1964. 
440 0 |a University of California at los Angeles - School of Educati 
650 0 |a Junior colleges  |z United States. 
852 8 |b CARM  |h A2:AN36A0  |i B06433  |p 0298555  |f BK 
082 0 4 |a 378.1 
999 f f |i f6386bf6-f97f-5bf6-9e91-2c3459867b49  |s 9a69484e-0000-519f-a068-b5befd7f05c8 
952 f f |p Can circulate  |a CAVAL  |b CAVAL  |c CAVAL  |d CARM 1 Store  |e B06433  |f A2:AN36A0  |h Other scheme  |i book  |m 0298555